书目信息 |
| 题名: |
现金持有与内部控制的经济后果
|
|
| 作者: | 吴有红 著 | |
| 分册: | ||
| 出版信息: | 北京 人民日报出版社 2014 |
|
| 页数: | 168页 | |
| 开本: | 24cm | |
| 丛书名: | ||
| 单 册: | ||
| 中图分类: | F832.5 | |
| 科图分类: | ||
| 主题词: | 资本市场--研究--中国 | |
| 电子资源: | ||
| ISBN: | 978-7-5115-2282-5 | |
| 000 | 01045nam0 2200253 450 | |
| 001 | 338607 | |
| 005 | 20150602095925.29 | |
| 010 | @a978-7-5115-2282-5@dCNY35.00 | |
| 100 | @a20140610d2014 em y0chiy50 ea | |
| 101 | 0 | @achi |
| 102 | @aCN@b110000 | |
| 105 | @ay z 000yy | |
| 106 | @ar | |
| 200 | 1 | @a现金持有与内部控制的经济后果@Axian jin chi you yu nei bu kong zhi de jing ji hou guo@e基于中国资本市场的研究@f吴有红著 |
| 210 | @a北京@c人民日报出版社@d2014 | |
| 215 | @a168页@d24cm | |
| 300 | @a人民日报学术文库 | |
| 330 | @a本书从现金持有价值、投资效率、产品市场竞争优势、经营绩效等方面考察了现金持有的经济后果, 在此基础上分析了内部控制对上述经济后果的作用和影响, 从而为现金持有和内部控制的经济后果提供了新的经验证据, 同时也为加强投资者保护、优化内部控制提供政策指导和理论参考。 | |
| 517 | 1 | @a基于中国资本市场的研究@Aji yu zhong guo zi ben shi chang de yan jiu |
| 606 | 0 | @a资本市场@x研究@y中国 |
| 690 | @aF832.5@v5 | |
| 701 | 0 | @a吴有红@Awu you hong@f(1982)@4著 |
| 801 | 0 | @aCN@b卓展宏图@c20150525 |
| 905 | @dF832.5@e127@f4 | |
| 现金持有与内部控制的经济后果:基于中国资本市场的研究/吴有红著.-北京:人民日报出版社,2014 |
| 168页;24cm |
| 人民日报学术文库 |
| ISBN 978-7-5115-2282-5:CNY35.00 |
| 本书从现金持有价值、投资效率、产品市场竞争优势、经营绩效等方面考察了现金持有的经济后果, 在此基础上分析了内部控制对上述经济后果的作用和影响, 从而为现金持有和内部控制的经济后果提供了新的经验证据, 同时也为加强投资者保护、优化内部控制提供政策指导和理论参考。 |
| ● |
| 相关链接 |
|
|
|
|
正题名:现金持有与内部控制的经济后果
索取号:F832.5/127
 
预约/预借
| 序号 | 登录号 | 条形码 | 馆藏地/架位号 | 状态 | 备注 |
| 1 | 862858 | 208628582 | 第一样本阅览室/ [索取号:F832.5/127] | 在馆 | |
| 2 | 862859 | 208628591 | 密集书库-海洋学院/ [索取号:F832.5/127] | 在馆 | |
| 3 | 862860 | 208628608 | 第一借阅区/ [索取号:F832.5/127] | 在馆 | |
| 4 | 862861 | 208628617 | 第一借阅区/ [索取号:F832.5/127] | 在馆 |